000 00653nam a2200217Ia 4500
003 OSt
005 20241125141446.0
008 210716s2007 xx 000 0 und d
020 _a9781741149548
040 _cAIMIT LIBRARY
041 _aeng
082 _a808.51
_21st ed.
_bOLAJ
100 _aO'Loghlin, James.
_9186414
245 _aUmm... a complete guide to public speaking /
_cBy James O'Loghlin.
250 _a1st ed.
260 _aNew Delhi :
_bAllen and Unwin ;
_c2007.
300 _axiii,170p. ;
_bPB
_c21 cm.
650 _aWriting your speech
_9186415
650 _aTalking like you talk
_9186416
942 _2ddc
_cBK
_e1st ed.
_k808.51 OLOJ
999 _c201703
_d201703